000 00795nam a2200205Ii 4500
003 JO-AjNU
008 230605s9999||||xx |||||||||||||| ||und||
017 _a1988/5/238
040 _aJO-AjNU
_bara
_erda
_cJO-AjNU
041 _aara
050 1 4 _aGV481.A22 1988
100 3 _aتاليف برهم، عبد المنعم سليمان، م.مشارك ابو نمرة، محمد خميس,
_eauthor
_941147
245 0 0 _aموسوعة التمرينات الرياضية، الجزء الأول
264 3 1 _aعمان: الشركة الدولية للطباعة والنشر، 1988
300 _aج1، 587ص
336 _atext
_btxt
_2rdacontent
337 _aunmediated
_bn
_2rdamedia
338 _avolume
_bnc
_2rdacarrier
650 4 _aالتمربنات الرياضبة - موسوعات
_941148
999 _aA17520
_c21088
_d21088